00802 2200301 4500001002100000005001500021035002000036007000300056040001700059100002800076245004700104250001000151300004500161504002300206020002200229041000800251082000800259084001400267090001900281264003800300336002100338337003000359338002300389650001600412850001000428008004100438990002100479INLIS00000000000979920260413121554 a0010-0123000126ta aSBPUPADbind0 aRandi CatonoePengarang1 aJagat Permainan Intekratif /cRandi Catono acet.1 axi, 68 hlm :bilus. ;c14 ,5cm x 14,5 cm aIndeks,Glosarium ; a978-602-217-226-0 aind a793 a793 RAN o a793 RAN o 23-8 aJakarta :bPT Bumi Aksara;,c2013 2rdacontentaTeks 2rdamediaatanpa perantara 2rdacarrieravolume 4aKreativitas aPUPAD260413 0  a21883/BR/KAPD/15